| 000 | 00461nam a2200205Ia 4500 | ||
|---|---|---|---|
| 001 | 13456 | ||
| 003 | GE_BSU | ||
| 008 | 181216s||||||||xx |||||||||||||| ||und|| | ||
| 020 | _a9780141028194 | ||
| 040 | _cGE_BSU | ||
| 080 | _a821.111-3 | ||
| 100 | _aCussles,Clive and Dirk Cussler | ||
| 245 | _aTreasure of Khan | ||
| 260 | _aLondon | ||
| 260 | _bPenguin Books | ||
| 260 | _c2006 | ||
| 300 | _a685p.ill.20cm. | ||
| 653 | _aTreasure of Khan | ||
| 942 | _cBK | ||
| 999 |
_c46616 _d46616 |
||